Представление документа в формате MARC21

ПолеНазваниеЗначение
  Тип записи a
  Библиографический уровень m
001 Контрольный номер RU\infra-m\znanium\bibl\2234736
005 Дата корректировки 20260429142133.3
008 Кодируемые данные 260120s2025 RU g rus u
020 Индекс ISBN __
a ISBN 978-5-9614-6823-6
040 Источник каталогиз. __
a Служба первич. каталог. Общество с ограниченной ответственностью «ЗНАНИУМ»
041 Код языка издания __
a Код языка текста rus
044 Код страны публикации __
a Код страны публикации RU
080 Индекс УДК __
a Индекс УДК 331
084 Индекс другой классификации/Индекс ББК __
2 Источник индекса rubbk
a Индекс другой классификации/Индекс ББК 6524
084 Индекс другой классификации/Индекс ББК __
2 Источник индекса okso
a Индекс другой классификации/Индекс ББК 38.03.01
084 Индекс другой классификации/Индекс ББК __
2 Источник индекса okso
a Индекс другой классификации/Индекс ББК 38.03.02
100 Автор __
a Автор Стороженко А.
q Полное имя Стороженко Антон
245 Заглавие __
a Заглавие Дао СЕО. Как создать свою историю успеха
b Продолж. заглавия Практическое пособие
250 Сведения об издании __
a Основные сведения об издании 1
260 Выходные данные __
a Место издания Москва
b Издательство ООО "Альпина Паблишер"
c Дата издания 2026
300 Физическое описание __
a Объем 128 с.
520 Аннотация __
a Аннотация Книга Антона Стороженко эксперта в области подбора управленческих кадров для крупного бизнеса — о том как построить успешную карьеру в России сегодня. «Дао СЕО» полна практических рекомендаций показательных примеров и прикладных советов основанных на более чем 20-летнем опыте автора в качестве консультанта по планированию карьеры для руководителей. Из нее вы узнаете что сейчас происходит на российском рынке труда получите ориентиры которые помогут вам сформулировать ваши цели и главное эффективную методологию их достижения. Автор делится с читателем действенными приемами и инструментами реализации различных карьерных стратегий которые применяют лучшие управленцы России. «Дао СЕО» будет интересна амбициозным прагматичным и дальновидным руководителям готовым вкладываться в свой успех и покорять запредельные вершины.
521 Примеч. о цел. назн. __
a Примеч. о целев. назн. Профессиональное образование
650 Тематические рубрики __
a Основная рубрика Экономика. Бухгалтерский учет. Финансы
x Основная подрубрика Общая экономическая теория
655 Указ. предметных рубрик (устаревшее) __
a Жанр/ форма (устаревшее) Практическое пособие
856 Электронный адрес документа 4_
a Имя сервера/домена znanium.ru
m Помощь ebs_support@infra-m.ru
n Местонахождение сервера НИЦ ИНФРА-М
u URL https://znanium.ru/catalog/document?id=473351
856 Электронный адрес документа 48
a Имя сервера/домена znanium.ru
d Путь /cover/2234
f Электронное имя 2234736.jpg
q Тип электронного формата image/jpeg
u URL https://znanium.ru/cover/2234/2234736.jpg
911 __
u 0030=https://znanium.ru/catalog/document?id=473351